Concepto estéticos (Registro nro. 297788)

Detalles MARC
000 -ENCABEZADO
Número de control [NR] 01775nam a22002297a 4500
005 - FECHA Y HORA DE LA ÚLTIMA TRANSACCIÓN
control field 20141120085806.0
008 - DE LONGITUD FIJA DE DATOS DE ELEMENTOS - INFORMACIÓN GENERAL
Elementos de longitud fija [NR] 141120n ag ||||fr|||| 001 j spa d
040 ## - FUENTE DE CATALOGACION [NR]
Quien Cataloga Sandra Yazo
Quien Clasifica Sandra Yazo
041 0# - CODIGO DE IDIOMA [R]
Código de idioma para texto/pista de sonido o título separado [R] Español
082 04 - NUMERO DE CLASIFICACION DECIMAL DEWEY [R]
Número de la edición [NR] 20
Número de clasificación [R] 863.9892
092 ## - SIGNATURA TOPOGRAFICA LOCAL
Número de clasificación local E34N031
100 1# - ASIENTO PRINCIPAL--NOMBRE PERSONAL [NR]
Nombre personal [NR] Fariña Núñez, Eloy
ID Autoridad 66005
245 10 - MENCION DE TITULO [NR]
Título [NR] Concepto estéticos
Parte restante del título [NR] Mitos guaraníes
Mención de responsabilidad, etc. [NR] Eloy Fariña Nuñez
260 ## - PUBLICACION, DISTRIBUCION, ETC. (PIE DE IMPRENTA) [R]
Lugar de publicación, distribución, etc. [R] Buenos Aires (Argentina)
Nombre del editor, distribuidor, etc. [R] [Editorial desconocida]
Fecha de publicación, distribución, etc. [R] [fecha desconocida]
300 ## - DESCRIPCION FISICA [R]
Extensión [R] 318 páginas
Dimensiones [R] 21 x 15 cm.
500 ## - NOTA GENERAL [R]
Nota general [NR] Detalles físicos: Encuadernación rígida en papel. Lomo en tela encolada. Guardas. Portadas impresas en una sola tinta. Texto impreso en una sola columna. Papel manchado. Varias hojas rotas
505 0# - NOTA DE CONTENIDO CON FORMATO PREESTABLECIDO [R]
Nota de contenido con formato preestablecido [NR] Conceptos estéticos: Ley de Evolución cíclica de las ideas estéticas ; La selva y el arte ; La vida contemplativa ; EL santo Graal ; La emoción ; EL canon de la belleza ; El hombre en el arte ; EL artista y su obra ; El arte y la naturaleza ; La sensación del paisaje ; El centenario de la IXa sinfonía ; Las ideas filosóficas de Virgilio ; Posibilidad de un arte nuevo y mejor -- Mitos Guaraníes: Dos claves americanas ; La mitología guaraní ; Origen de los mitos ; El mito de Tupá ; El mito de Aña Genio del mal ; Los mitos guaraníes menores ; Cielo e infierno guaraníes ; El santo sacerdote blanco ; La misteriosa ciudad resplandeciente ; La religión guaraní ; ¿Qué es el Mythos? ; Los mitos americanos ; Elogio de Fray Luis Bolaños ; El lenguaje de los dioses guaraníes ; Origen onomatopéyico del lenguaje ; El guaraní y las lenguas cultas
506 ## - NOTA DE RESTRICCIONES DE ACCESO [R]
Condiciones de acceso [NR] Consulta en sala
650 #7 - ASIENTO SECUNDARIO DE MATERIA - TERMINO TEMATICO [R]
9 (RLIN) 18607
Término temático o nombre geográfico como elemento de entrada [NR] Literatura argentina
690 ## - ASUNTO AGREGADO LOCAL DE ENTRADA - TÉRMINO TEMÁTICO (OCLC, RLIN)
9 (RLIN) 42866
Acceso temático local Literatura latinoamericana
942 ## - ELEMENTOS DE ENTRADA AGREGADOS (KOHA)
Sistema de clasificación LOCAL
Tipo de ítem principal el descrito en 300a Libro
Edición 1
Clasificación E34N031
Existencias
Suprimido Perdido Sistema de clasificación Dañado No prestable Tipo de ítem específico Ubicación habitual Ubicación actual Localización Fecha de creación Forma de adquisición Costo Total préstamos Signatura topográfica Código de barras Última vez visto Ejemplar Price effective from Tipo de ítem
    LOCAL     Libro archivo Archivo Histórico Archivo Histórico Archivo histórico 20/11/2014 Donación 0.00   E34N031 L004726 20/11/2014 Ej.1 20/11/2014 Libro